ARRUPE JESUIT UNIVERSITY

CORONAVIRUS -STOP THE SPREAD - CLEAN,DISINFECT,COVER

Cecil Rhodes, (Record no. 120383)

MARC details
000 -LEADER
fixed length control field 00906cam a2200289 4500
001 - CONTROL NUMBER
control field 3282330
003 - CONTROL NUMBER IDENTIFIER
control field ARRUPE
005 - DATE AND TIME OF LATEST TRANSACTION
control field 20140403143408.0
008 - FIXED-LENGTH DATA ELEMENTS--GENERAL INFORMATION
fixed length control field 740322s1921 enkb b 000 0 eng
010 ## - LIBRARY OF CONGRESS CONTROL NUMBER
LC control number 21016148
035 ## - SYSTEM CONTROL NUMBER
System control number (OCoLC)ocm00838326
035 ## - SYSTEM CONTROL NUMBER
System control number (NNC)3282330
040 ## - CATALOGING SOURCE
Original cataloging agency DLC
Transcribing agency NYG
Modifying agency OCL
-- OCLCQ
-- ZCU
050 0# - LIBRARY OF CONGRESS CALL NUMBER
Classification number SPC DT776.R4
Item number W5 1938
099 ## - LOCAL FREE-TEXT CALL NUMBER (OCLC)
Classification number 968.09
-- R3465
300 ## - PHYSICAL DESCRIPTION
Other physical details front., fold. map.
Dimensions 24 cm.
100 1# - MAIN ENTRY--PERSONAL NAME
Personal name Williams, Basil,
Dates associated with a name 1867-1950.
9 (RLIN) 9776
245 10 - TITLE STATEMENT
Title Cecil Rhodes,
Statement of responsibility, etc by Basil Williams.
260 ## - PUBLICATION, DISTRIBUTION, ETC. (IMPRINT)
Place of publication, distribution, etc London,
Name of publisher, distributor, etc Constable and company ltd.,
Date of publication, distribution, etc 1921.
300 ## - PHYSICAL DESCRIPTION
Extent xi, 353 p.
490 1# - SERIES STATEMENT
Series statement Makers of the nineteenth century
504 ## - BIBLIOGRAPHY, ETC. NOTE
Bibliography, etc Bibliography: p. 33l-337.
600 10 - SUBJECT ADDED ENTRY--PERSONAL NAME
Personal name Rhodes, Cecil,
Dates associated with a name 1853-1902.
9 (RLIN) 9777
651 #0 - SUBJECT ADDED ENTRY--GEOGRAPHIC NAME
Geographic name South Africa
General subdivision Politics and government.
9 (RLIN) 9778
830 #0 - SERIES ADDED ENTRY--UNIFORM TITLE
Uniform title Makers of the nineteenth century.
9 (RLIN) 9779
942 ## - ADDED ENTRY ELEMENTS (KOHA)
Source of classification or shelving scheme Library of Congress Classification
Koha item type Monograph ( Printed materials)
Holdings
Withdrawn status Lost status Source of classification or shelving scheme Damaged status Not for loan Collection code Home library Current library Shelving location Date acquired Total Checkouts Full call number Barcode Date last seen Price effective from Koha item type
    Library of Congress Classification     SPECIAL Collection ARRUPE LIBRARY ARRUPE LIBRARY Main Collection 03/04/2014   SPC DT776.R4 W5 1938 46500002038 03/04/2014 03/04/2014 Monograph ( Printed materials)
    Library of Congress Classification     SPECIAL Collection ARRUPE LIBRARY ARRUPE LIBRARY Main Collection 03/04/2014   SPC DT776.R4 W5 1921 46500002039 03/04/2014 03/04/2014 Monograph ( Printed materials)

 

Arrupe Library. PO Box MP320 Mt Pleasant, Harare, Zimbabwe
263 242 745411|librarian@aju.ac.zw